Inteligentné BLDC servo so vstavaným PLC a konektivitou

Enregistré dans:
Détails bibliographiques
Auteur principal: Stanko, Jaromír (Auteur)
Autres auteurs: Rodina, Jozef (Directeur de thèse)
Format: Manuscrit Livre
Langue:slovaque
Publié: 2018
Sujets:
Accès en ligne:http://is.stuba.sk/zp/portal_zp.pl?podrobnosti=136649
Tags: Ajouter un tag
Pas de tags, Soyez le premier à ajouter un tag!

MARC

LEADER 00000ntm a22000003a 4500
001 stuzp65329
003 SK-STU
005 20181109101101.8
007 ta
008 150427s2015----xo-----f-mn---000-0-slo-d
040 |a STU  |b slo 
041 0 |a slo 
044 |a xo 
100 1 |a Stanko, Jaromír  |u 031000  |4 aut  |U FEI Fakulta elektrotechniky a informatiky  |T FEI Ústav robotiky a kybernetiky  |X 72516  |U E011  |Y 356  |7 72516 
242 0 1 |a Intelligent BLDC Drive with Embedded PLC and Connectivity  |y eng 
245 1 0 |a Inteligentné BLDC servo so vstavaným PLC a konektivitou 
260 |c 2018 
300 |a 50 s.,  |b CD-ROM 
650 4 |a InstaSPIN-MOTION  |2 eng 
650 4 |a servo  |2 eng 
650 4 |a real time  |2 eng 
650 4 |a CAN  |2 eng 
650 4 |a PLC  |2 eng 
650 4 |a BLDC  |2 eng 
650 4 |a servo  |2 slo 
650 4 |a real time  |2 slo 
650 4 |a CAN  |2 slo 
650 4 |a PLC  |2 slo 
650 4 |a InstaSPIN-MOTION  |2 slo 
650 4 |a BLDC  |2 slo 
700 1 |a Rodina, Jozef  |u 031000  |k Z1  |4 ths  |U FEI Fakulta elektrotechniky a informatiky  |T FEI Ústav robotiky a kybernetiky  |X 11924  |U E011  |Y 356  |7 A000011924 
856 4 |u http://is.stuba.sk/zp/portal_zp.pl?podrobnosti=136649 
996 |b 284EP11947  |c E*DIPL- 11947  |l EE31  |s P  |a 0  |w stuzp65329_0001